000 00311nam a22001457a 4500
008 210505b ||||| |||| 00| 0 eng d
020 _a9789928255143
041 _aeng
080 _a37
082 _a37
100 _a46
101 _aEDU
245 _a60 Vjet Histori Suksesi
_cAgron Cuka
942 _2udc
_cBK
999 _c57074
_d57074